1884 1589 1853 1784 1131 1745 1312 1840 1158 1421 1818 1083 1290 1972 1413 1806 1276 1032 1764 1187 1054 1736 1600 1138 1028 1452 1008 1413 1625 1856 1006 1336 1054 1412 1185 1714 1531 1607 1026 1889 1305 1901 1876 1612 1699 1539 1128 1989 1243 1001 2000 1669 1165 1661 1020 1246 1890 1639 1462 1265 1719 1867 1679 1029 1255 1350 1747 1785 1294 1104 1996 1640 1498 1651 1530 1121 1721 1095 1843 1322 1156 1351 1691 1816 1581 1299 1270 1462 1219 1729 1029 1999 1838 1149 1218 1778 1144 1278 1265 BCNSPRNW ULIB Ver.6.0+V

เปลี่ยนเป็นภาษาไทย

Change to English
 แสดงรายละเอียดบรรณานุกรม
  กลับหน้าหลัก

Brief Record : Get Marc (ISO 2709) : E-mail record : QR code < ปิดหน้าต่าง
LEADER : 00000nam 2200000uu 4500
001    13399113276
003     ULIB
008    111005s2552||||th 000 0 tha d
020    9786165120265
050 04 TT873.2^bอ462บ 2552
100 0  อุมาวดี ทรัพย์สิน
245 10 บายศรีเครื่องบวงสรวงแบบโบราณ /^cอุมาวดี ทรัพย์สิน
250    พิมพ์ครั้งที่ 1
260    กรุงเทพฯ :^bวาดศิลป์,^c2552
300    64 หน้า :^bภาพประกอบ
650  7 การประดิษฐ์ด้วยใบตอง
650  7 บายศรี
945    ^p160^l0^i027689
995    ทศพร
999 ^a ทศพร
รายการนี้ยังไม่มีแท็ก
คุณยังไม่ได้ล็อกอิน คุณสามารถมีกิจกรรมร่วมกับเว็บไซต์ได้ แต่ต้องล็อกอินก่อน ::
  ล็อกอิน

รายการสื่อสารสนเทศ

ลำดับที่ ประเภท เลขเรียก/บาร์โค้ด สถานที่ สถานะ
- ไม่พบข้อมูล -

รายการใกล้เคียง
    ผู้แต่ง [อุมาวดี ทรัพย์สิน]

    หัวเรื่อง [การประดิษฐ์ด้วยใบตอง]
    หัวเรื่อง [บายศรี]

BibComment


ยังไม่เคยถูกคอมเมนท์

คอมเมนท์ทรัพยากรรายการนี้
  คอมเมนท์: บายศรีเครื่องบวงส..


 Copyright 2026. Bcnsprnw @Library